| 000 | 01096nam a22002777a 4500 | ||
|---|---|---|---|
| 003 | dpl | ||
| 005 | 20180719131129.0 | ||
| 008 | 180719b xxu||||| |||| 00| 0 eng d | ||
| 010 | _aB-103977 | ||
| 020 |
_c140.00 _a818138007 |
||
| 035 | _aB-103977, B-103979 | ||
| 037 | _bCen Lib/Ret | ||
| 040 |
_aDPL _bHN _c0 |
||
| 082 |
_aक _bविरदी |
||
| 100 |
_aविरदी, जसवंत सिंह _94285 |
||
| 245 |
_aपुल पूरा नहीं हुआ / _cजसवंत सिंह विरदी |
||
| 246 |
_aPul poora nahi hua / _bby Jasvant Singh virdee |
||
| 260 |
_aदिल्ली _bएम.पी.प्रकाशन _c1994 |
||
| 270 |
_bदिल्ली _aशॉप न 7, 12/190, गीता कॉलोनी _e110031 |
||
| 300 |
_a127पृ. _c19सेमी (सजिल्द) |
||
| 650 |
_aहिन्दी साहित्य _963191 |
||
| 650 |
_a हिंदी कहानियां _92082 |
||
| 650 |
_aHindi literature _963192 |
||
| 650 |
_aHindi stories _963193 |
||
| 942 |
_2ddc _cHN _hक _mविरदी |
||
| 999 |
_c115780 _d115780 |
||